000 00412nam a2200169Ia 4500
008 220531s9999 xx 000 0 und d
041 _amar
100 _a बैजल रेखा
_962542
245 _aतपस्‍या
250 _a2ND
260 _aPune
_bMadhuraj
_c2007
300 _a214
542 _d23-08-2013
650 _aMarathi
_962543
906 _d2013-2014
999 _c35585
_d35585